[Event "Terre degli Elimi op 7th"]
[Site "Erice"]
[Date "2016.08.03"]
[Round "8"]
[White "Rizza, Francesco"]
[Black "Nicolo, Filippo"]
[Result "1-0"]
[WhiteElo "2028"]
[BlackElo "2024"]
[PlyCount "45"]
[EventDate "2016.07.28"]
[EventType "swiss"]
[EventRounds "9"]
[EventCountry "ITA"]
[SourceTitle "EXT 2017"]
[Source "ChessBase"]
[SourceDate "2016.10.25"]
[SourceVersion "1"]
[SourceVersionDate "2016.10.25"]
[SourceQuality "1"]

1. d4 d5 2. Nf3 Nc6 3. g3 Bg4 4. Bg2 Qd7 5. h3 Bf5 6. g4 Bg6 7. c4 dxc4 8. d5 0-0-0 9. Nc3 Nb4 10. Ne5 Qe8 11. Nxg6 hxg6 12. a3 Na6 13. Qd4 e5 14. Qxc4 Bc5 15. b4 Bd4 16. Be3 Bxe3 17. fxe3 f5 18. Rc1 Qd7 19. b5 Nb8 20. b6 axb6 21. Na4 Qd6 22. Qxc7+ Qxc7 23. Nxb6# 1-0

[Event "Terre degli Elimi op 7th"]
[Site "Erice"]
[Date "2016.08.01"]
[Round "5"]
[White "Nicolo, Filippo"]
[Black "Favaloro, Andrea"]
[Result "1/2-1/2"]
[WhiteElo "2024"]
[BlackElo "2209"]
[PlyCount "79"]
[EventDate "2016.07.28"]
[EventType "swiss"]
[EventRounds "9"]
[EventCountry "ITA"]
[SourceTitle "EXT 2017"]
[Source "ChessBase"]
[SourceDate "2016.10.25"]
[SourceVersion "1"]
[SourceVersionDate "2016.10.25"]
[SourceQuality "1"]

1. d4 Nf6 2. Nf3 b6 3. Bf4 Bb7 4. e3 g6 5. Be2 Bg7 6. h3 0-0 7. 0-0 d6 8. c4 Nbd7 9. Nc3 Re8 10. Bh2 e5 11. d5 a5 12. a3 Nc5 13. b4 Nce4 14. Qb3 Nxc3 15. Qxc3 Ne4 16. Qb3 f5 17. Rac1 Bc8 18. Bd3 Nf6 19. Bb1 Nd7 20. Bg3 Rf8 21. Bh4 Bf6 22. Bxf6 Qxf6 23. Nd2 Ra7 24. f4 e4 25. Qc3 Bb7 26. Qxf6 Nxf6 27. b5 a4 28. Bc2 Nd7 29. Nb1 Nc5 30. Nc3 Bc8 31. Rb1 Bd7 32. Rfd1 Kg7 33. Rb4 Rfa8 34. Rbb1 Kf6 35. h4 h6 36. Rd2 Be8 37. g3 Bf7 38. Rh2 Rg8 39. Kf2 Raa8 40. Ke2 1/2-1/2

[Event "Terre degli Elimi op 7th"]
[Site "Erice"]
[Date "2016.07.28"]
[Round "1"]
[White "Nicolo, Filippo"]
[Black "Mueller, Maximilian"]
[Result "1-0"]
[WhiteElo "2024"]
[BlackElo "2281"]
[PlyCount "79"]
[EventDate "2016.07.28"]
[EventType "swiss"]
[EventRounds "9"]
[EventCountry "ITA"]
[SourceTitle "EXT 2017"]
[Source "ChessBase"]
[SourceDate "2016.10.25"]
[SourceVersion "1"]
[SourceVersionDate "2016.10.25"]
[SourceQuality "1"]

1. e4 c5 2. Nc3 a6 3. f4 b5 4. Nf3 Bb7 5. d3 g6 6. g3 Bg7 7. Bg2 e6 8. 0-0 Ne7 9. Be3 d6 10. Qe1 0-0 11. g4 b4 12. Ne2 Nd7 13. c3 bxc3 14. bxc3 c4 15. Qh4 cxd3 16. Ng3 Nc6 17. Qh3 Qe7 18. f5 Nce5 19. Nd4 Rac8 20. g5 exf5 21. exf5 Bxg2 22. Kxg2 Nc4 23. Bf4 f6 24. Rae1 Nde5 25. Ne4 d5 26. gxf6 Bxf6 27. Nxf6+ Qxf6 28. Bh6 d2 29. Rb1 Rfe8 30. Kh1 Kh8 31. Rb7 Nf7 32. Ne6 Ncd6 33. Bg7+ Qxg7 34. Nxg7 Re1 35. Rb1 Rxb1 36. Rxb1 Kxg7 37. f6+ Kxf6 38. Rd1 Ng5 39. Qf1+ Ke5 40. Rxd2 1-0

[Event "Milan Autumn op"]
[Site "Milan"]
[Date "2015.10.01"]
[Round "6"]
[White "Nicolo, Filippo"]
[Black "Mina, N Mina"]
[Result "1/2-1/2"]
[WhiteElo "2030"]
[BlackElo "2166"]
[PlyCount "44"]
[EventDate "2015.09.15"]
[EventType "swiss"]
[EventRounds "8"]
[EventCountry "ITA"]
[SourceTitle "EXT 2024"]
[Source "ChessBase"]
[SourceDate "2023.10.10"]
[SourceVersion "1"]
[SourceVersionDate "2023.10.10"]
[SourceQuality "1"]

1. e4 g6 2. d4 Bg7 3. Nc3 d6 4. Bg5 Nf6 5. Qd2 c6 6. f4 b5 7. e5 b4 8. exf6 exf6 9. Ne4 fxg5 10. fxg5 0-0 11. 0-0-0 d5 12. Ng3 a5 13. Nf3 Nd7 14. Qf4 c5 15. h4 b3 16. cxb3 a4 17. h5 axb3 18. a3 cxd4 19. Kb1 Ne5 20. hxg6 Nxg6 21. Bd3 Qb6 22. Qd2 Bg4 1/2-1/2

[Event "Bratto op 34th"]
[Site "Bratto"]
[Date "2014.08.27"]
[Round "6"]
[White "Nicolo, Filippo"]
[Black "Murgia, Andrea"]
[Result "0-1"]
[WhiteElo "2066"]
[BlackElo "1967"]
[PlyCount "114"]
[EventDate "2014.08.22"]
[EventType "swiss"]
[EventRounds "9"]
[EventCountry "ITA"]
[SourceTitle "EXT 2016"]
[Source "ChessBase"]
[SourceDate "2015.10.08"]
[SourceVersion "1"]
[SourceVersionDate "2015.10.08"]
[SourceQuality "1"]

1. e4 e5 2. Bc4 c6 3. d4 d5 4. exd5 cxd5 5. Bb5+ Bd7 6. Bxd7+ Nxd7 7. dxe5 Nxe5 8. Qe2 Qe7 9. Nc3 0-0-0 10. Bf4 Ng6 11. Bg3 d4 12. Nb5 a6 13. Nd6+ Rxd6 14. Bxd6 Qxe2+ 15. Nxe2 Bxd6 16. Nxd4 Nf6 17. 0-0 Nh4 18. Rad1 Be5 19. f4 Bc7 20. g3 Ng6 21. Nf5 Rg8 22. Rfe1 Bb6+ 23. Kg2 Bc5 24. Rd3 Kb8 25. a3 a5 26. Kf3 Rc8 27. c3 Bf8 28. b4 a4 29. g4 Rc4 30. Nd4 Ne7 31. Nb5 Nfd5 32. Re4 Rxe4 33. Kxe4 Nf6+ 34. Kf3 Nc6 35. g5 Ne8 36. Rd7 f6 37. h4 fxg5 38. hxg5 Be7 39. Ke4 h6 40. Kf5 hxg5 41. fxg5 g6+ 42. Kf4 Ng7 43. Nd4 Nh5+ 44. Ke4 Nxd4 45. Rxe7 Nb5 46. Re6 Nxc3+ 47. Ke5 Nb5 48. Rxg6 Nxa3 49. Rh6 Ng7 50. Rh7 Ne8 51. g6 Nc4+ 52. Ke6 a3 53. g7 Nxg7+ 54. Rxg7 Ne3 55. b5 Ka7 56. Rg1 Nc2 57. Kd5 Kb6 0-1

[Event "Milan SSM op 08"]
[Site "Milan"]
[Date "2014.08.03"]
[Round "6"]
[White "Nicolo, Filippo"]
[Black "Quagliarella, Sabino Remo"]
[Result "1-0"]
[WhiteElo "2066"]
[BlackElo "1838"]
[PlyCount "73"]
[EventDate "2014.07.29"]
[EventType "swiss"]
[EventRounds "7"]
[EventCountry "ITA"]
[SourceTitle "EXT 2016"]
[Source "ChessBase"]
[SourceDate "2015.10.08"]
[SourceVersion "1"]
[SourceVersionDate "2015.10.08"]
[SourceQuality "1"]

1. e4 c5 2. Nc3 a6 3. f4 d6 4. Nf3 Nc6 5. g3 e5 6. d3 Nf6 7. Bg2 Be7 8. 0-0 0-0 9. h3 Rb8 10. g4 b5 11. g5 Nd7 12. f5 Nb6 13. h4 b4 14. Nd5 Nxd5 15. exd5 Na5 16. Nd2 f6 17. g6 Re8 18. Qh5 h6 19. Ne4 Bf8 20. Ng5 Qe7 21. Nf7 c4 22. Bd2 Rb5 23. Rae1 cxd3 24. cxd3 Nb7 25. Re3 Nd8 26. Nxh6+ gxh6 27. g7 Bxg7 28. Rg3 Nf7 29. Qg6 Ng5 30. hxg5 hxg5 31. Bxg5 Qf7 32. Bxf6 Rb7 33. Qg5 Kf8 34. Bxg7+ Qxg7 35. Qh4 Qf7 36. f6 Qh7 37. f7 1-0

[Event "Milan SSM op 08"]
[Site "Milan"]
[Date "2014.07.31"]
[Round "3"]
[White "Vezzosi, Paolo"]
[Black "Nicolo, Filippo"]
[Result "1-0"]
[WhiteElo "2282"]
[BlackElo "2066"]
[PlyCount "61"]
[EventDate "2014.07.29"]
[EventType "swiss"]
[EventRounds "7"]
[EventCountry "ITA"]
[SourceTitle "EXT 2016"]
[Source "ChessBase"]
[SourceDate "2015.10.08"]
[SourceVersion "1"]
[SourceVersionDate "2015.10.08"]
[SourceQuality "1"]

1. Nf3 f5 2. c4 Nf6 3. g3 g6 4. b4 e6 5. Qb3 a5 6. b5 a4 7. Qc2 Bg7 8. Bg2 0-0 9. 0-0 d6 10. d4 e5 11. dxe5 Ng4 12. Nc3 Nxe5 13. Nxe5 Bxe5 14. Bh6 Re8 15. Bd5+ Kh8 16. Rad1 Qf6 17. Nxa4 g5 18. Bxg5 Qxg5 19. f4 Qg7 20. fxe5 dxe5 21. e3 Ra5 22. Nc5 c6 23. Nb3 Ra8 24. Bg2 h5 25. Qe2 Qg5 26. Rd6 h4 27. Nc5 Ra3 28. Nd3 cxb5 29. gxh4 Qxh4 30. cxb5 Kg7 31. Qb2 1-0

[Event "Milan SSM op 08"]
[Site "Milan"]
[Date "2014.07.30"]
[Round "2"]
[White "Alati, Alberto"]
[Black "Nicolo, Filippo"]
[Result "0-1"]
[WhiteElo "1745"]
[BlackElo "2066"]
[PlyCount "46"]
[EventDate "2014.07.29"]
[EventType "swiss"]
[EventRounds "7"]
[EventCountry "ITA"]
[SourceTitle "EXT 2016"]
[Source "ChessBase"]
[SourceDate "2015.10.08"]
[SourceVersion "1"]
[SourceVersionDate "2015.10.08"]
[SourceQuality "1"]

1. c4 e5 2. g3 Nf6 3. Nc3 Bb4 4. Bg2 Nc6 5. Nf3 Bxc3 6. bxc3 d6 7. 0-0 0-0 8. Qc2 Be6 9. d3 h6 10. Rb1 Rb8 11. Rd1 Qd7 12. a4 Bh3 13. Bh1 Ng4 14. d4 e4 15. Qxe4 Nxf2 16. Kxf2 Bf5 17. Qh4 Bxb1 18. Bxh6 Bg6 19. Bc1 Rfe8 20. Nd2 Qf5+ 21. Qf4 Qc2 22. Re1 Qxc3 23. e3 Nb4 0-1

[Event "Milan Crespi op-A 34th"]
[Site "Milan"]
[Date "2013.12.07"]
[Round "8"]
[White "Nicolo, Filippo"]
[Black "Motola, Jacopo"]
[Result "1/2-1/2"]
[WhiteElo "2071"]
[BlackElo "2073"]
[PlyCount "65"]
[EventDate "2013.11.30"]
[EventType "swiss"]
[EventRounds "9"]
[EventCountry "ITA"]
[SourceTitle "CBM 157 Extra"]
[Source "ChessBase"]
[SourceDate "2013.12.19"]
[SourceVersion "1"]
[SourceVersionDate "2013.12.19"]
[SourceQuality "1"]

1. e4 c5 2. Nc3 Nc6 3. Bb5 g6 4. Bxc6 dxc6 5. d3 Bg7 6. Be3 b6 7. Qd2 e5 8. Nge2 Nf6 9. h3 Be6 10. b3 0-0 11. f4 Nh5 12. f5 Bc8 13. 0-0 Nf4 14. Nxf4 exf4 15. Rxf4 Qf6 16. e5 Qxe5 17. d4 Qe7 18. fxg6 hxg6 19. Re4 Qd8 20. dxc5 Qxd2 21. Bxd2 Bf5 22. Re2 bxc5 23. Rc1 Rfe8 24. Kf1 Rxe2 25. Kxe2 Rb8 26. g4 Be6 27. Na4 c4 28. Be3 a6 29. Rd1 Bd5 30. Nb6 cxb3 31. cxb3 Be4 32. Nc4 Bf6 33. g5 1/2-1/2

[Event "Milan SSM op 08"]
[Site "Milan"]
[Date "2013.08.01"]
[Round "2"]
[White "Cazzaniga, Walter"]
[Black "Nicolo, Filippo"]
[Result "0-1"]
[WhiteElo "2156"]
[BlackElo "2059"]
[PlyCount "96"]
[EventDate "2013.07.31"]
[EventType "swiss"]
[EventRounds "7"]
[EventCountry "ITA"]
[SourceTitle "EXT 2015"]
[Source "ChessBase"]
[SourceDate "2014.11.20"]
[SourceVersion "1"]
[SourceVersionDate "2014.11.20"]
[SourceQuality "1"]

1. d4 d5 2. c4 dxc4 3. e4 Nc6 4. d5 Ne5 5. Bf4 Ng6 6. Bg3 e5 7. Bxc4 Nf6 8. Nc3 a6 9. Nge2 Bd6 10. Qd2 Qe7 11. f3 0-0 12. Bf2 Bd7 13. g4 Bc5 14. Bxc5 Qxc5 15. Bd3 Nh4 16. Ng1 Qxg1+ 17. Rxg1 Nxf3+ 18. Ke2 Nxd2 19. g5 Ndxe4 20. Bxe4 Nxe4 21. Nxe4 Rad8 22. Rac1 Bb5+ 23. Ke3 Rxd5 24. Rxc7 Rd3+ 25. Kf2 Bc6 26. Re1 Rfd8 27. Nc5 Rd2+ 28. Re2 Rxe2+ 29. Kxe2 Bb5+ 30. Ke1 b6 31. Nb7 Rf8 32. b3 f6 33. a4 Bd3 34. h4 f5 35. h5 f4 36. h6 gxh6 37. gxh6 Rf6 38. Rd7 Bf5 39. Re7 Rxh6 40. Rxe5 Re6 41. Rxe6 Bxe6 42. b4 Kf8 43. a5 bxa5 44. bxa5 Ke7 45. Kf2 Kf6 46. Nc5 Bc4 47. Ne4+ Ke5 48. Nd2 Bd5 0-1

[Event "Milan op 01"]
[Site "Milan"]
[Date "2012.01.03"]
[Round "2"]
[White "Motola, Jacopo"]
[Black "Nicolo, Filippo"]
[Result "0-1"]
[WhiteElo "1945"]
[BlackElo "2049"]
[PlyCount "88"]
[EventDate "2012.01.02"]
[EventType "swiss"]
[EventRounds "9"]
[EventCountry "ITA"]
[SourceTitle "EXT 2014"]
[Source "ChessBase"]
[SourceDate "2013.11.20"]
[SourceVersion "1"]
[SourceVersionDate "2013.11.20"]
[SourceQuality "1"]

1. e4 e5 2. Nc3 Nf6 3. Bc4 Nc6 4. d3 Na5 5. Bb3 Be7 6. Be3 d6 7. f3 0-0 8. Nge2 c6 9. d4 exd4 10. Bxd4 b5 11. Rb1 b4 12. Na4 c5 13. Bxf6 Bxf6 14. Bd5 Rb8 15. c3 Ba6 16. cxb4 Rxb4 17. 0-0 Bxe2 18. Qxe2 Rxa4 19. b3 Rb4 20. a3 Rb6 21. b4 Nc6 22. bxc5 dxc5 23. Rfd1 Bd4+ 24. Kh1 Ne5 25. f4 Ng6 26. g3 Qb8 27. Qa2 Ne7 28. Bc4 Qb7 29. Bd3 Kh8 30. Rxb6 axb6 31. a4 Nc6 32. Qc4 Nb4 33. Bb1 f5 34. Rxd4 cxd4 35. Qxb4 Rd8 36. Qb5 fxe4 37. Qf5 d3 38. Kg2 e3+ 39. Kg1 Qd5 40. Qh3 Qc5 41. Kg2 e2 42. Qh4 Qd5+ 43. Kf2 Qd4+ 44. Kg2 e1Q 0-1

[Event "Milan Crespi op-A 32nd"]
[Site "Milan"]
[Date "2011.12.10"]
[Round "9"]
[White "Cacciola, Alfredo"]
[Black "Nicolo, Filippo"]
[Result "1-0"]
[WhiteElo "2080"]
[BlackElo "2024"]
[PlyCount "93"]
[EventDate "2011.12.03"]
[EventType "swiss"]
[EventRounds "9"]
[EventCountry "ITA"]
[SourceTitle "EXT 2022"]
[Source "ChessBase"]
[SourceDate "2021.10.06"]
[SourceVersion "1"]
[SourceVersionDate "2021.10.06"]
[SourceQuality "1"]

1. e4 e5 2. Nf3 Nc6 3. Bb5 Nd4 4. Nxd4 exd4 5. 0-0 Bc5 6. d3 c6 7. Bc4 d5 8. exd5 cxd5 9. Bb5+ Bd7 10. Bxd7+ Qxd7 11. Bf4 Ne7 12. Nd2 0-0 13. Nb3 Bb6 14. h3 Ng6 15. Bh2 f5 16. Qd2 f4 17. f3 Rae8 18. Rae1 Re3 19. Kh1 Nh4 20. c3 dxc3 21. bxc3 g5 22. d4 Rfe8 23. Bg1 Nf5 24. Bxe3 fxe3 25. Qc2 Ng3+ 26. Kg1 Bc7 27. Qd3 Nxf1 28. Kxf1 Qe7 29. Ke2 Bg3 30. Rc1 Qd6 31. c4 Bh4 32. f4 Qxf4 33. Rf1 Qg3 34. Qf5 Qxg2+ 35. Kd3 Bf2 36. Ke2 Bg3+ 37. Kd3 Bf2 38. Ke2 Qxf1+ 39. Kxf1 e2+ 40. Kg2 e1Q 41. Qxg5+ Kf7 42. Qf5+ Ke7 43. Qg5+ Kd6 44. Qf4+ Kc6 45. Na5+ Kb6 46. Qd6+ Kxa5 47. Qc5+ 1-0

[Event "Milan Crespi op-A 32nd"]
[Site "Milan"]
[Date "2011.12.08"]
[Round "7"]
[White "Nicolo, Filippo"]
[Black "Bozzali, Ermanno"]
[Result "1/2-1/2"]
[WhiteElo "2024"]
[BlackElo "2133"]
[PlyCount "103"]
[EventDate "2011.12.03"]
[EventType "swiss"]
[EventRounds "9"]
[EventCountry "ITA"]
[SourceTitle "EXT 2022"]
[Source "ChessBase"]
[SourceDate "2021.10.06"]
[SourceVersion "1"]
[SourceVersionDate "2021.10.06"]
[SourceQuality "1"]

1. e4 c5 2. Nc3 Nc6 3. Bb5 Nd4 4. Nf3 g6 5. Nxd4 cxd4 6. Ne2 Bg7 7. 0-0 a6 8. Bc4 b5 9. Bd5 Rb8 10. d3 Bb7 11. Bxb7 Rxb7 12. f4 Nh6 13. Ng3 0-0 14. f5 Rb6 15. Bd2 Rc6 16. Rc1 d5 17. Qf3 dxe4 18. Qxe4 Qd7 19. Bg5 Nxf5 20. Nxf5 gxf5 21. Rxf5 Re6 22. Qf3 Qc6 23. Qxc6 Rxc6 24. Bxe7 Re8 25. Bg5 f6 26. Bd2 Rec8 27. c3 dxc3 28. Rxc3 b4 29. Rxc6 Rxc6 30. Bxb4 Rc1+ 31. Rf1 Rc2 32. Bc3 f5 33. Rxf5 Bxc3 34. bxc3 Rxc3 35. Ra5 Rxd3 36. Rxa6 Rd1+ 37. Kf2 Rd2+ 38. Kg3 Rd3+ 39. Kh4 Rd2 40. Kh3 Kg7 41. a4 h5 42. a5 Ra2 43. Ra8 Kh7 44. a6 Kg7 45. a7 Ra4 46. Kg3 Kh7 47. Kf3 Kg7 48. g3 Kh7 49. h3 Kg7 50. g4 hxg4+ 51. hxg4 Ra1 52. Kf4 1/2-1/2

[Event "Milan Crespi op-A 32nd"]
[Site "Milan"]
[Date "2011.12.08"]
[Round "6"]
[White "Nicolo, Filippo"]
[Black "Vezzosi, Paolo"]
[Result "1-0"]
[WhiteElo "2024"]
[BlackElo "2321"]
[PlyCount "37"]
[EventDate "2011.12.03"]
[EventType "swiss"]
[EventRounds "9"]
[EventCountry "ITA"]
[SourceTitle "EXT 2022"]
[Source "ChessBase"]
[SourceDate "2021.10.06"]
[SourceVersion "1"]
[SourceVersionDate "2021.10.06"]
[SourceQuality "1"]

1. e4 c5 2. Nc3 Nc6 3. Bb5 Nd4 4. Nf3 Nxb5 5. Nxb5 d6 6. 0-0 Bg4 7. d4 Bxf3 8. Qxf3 a6 9. Na3 cxd4 10. e5 dxe5 11. Qxb7 Qc8 12. Qe4 f6 13. f4 exf4 14. Bxf4 e5 15. Bxe5 fxe5 16. Qxe5+ Ne7 17. Rae1 Ra7 18. Nc4 Rd7 19. Nd6+ 1-0